000 00780cam a2200205 4500
001 WS124018
008 031024n 000 0 eng u
035 _a(Sirsi) u124018
110 _aInternational Paralympic Committee
_94540
245 _aInternational Paralympic Committee
520 _aWeb site for this international organisation for elite sports for athletes with disabilities which organises the Paralympic games, Includes a history of the games and details of upcoming events.
650 _aSPORT
650 _aPARALYMPIC GAMES
650 _aOLYMPIC GAMES
650 _aORGANISATION
650 _aINTERNATIONAL
690 _aLEISURE AND RECREATION
856 4 0 _uhttps://www.paralympic.org
_zView the website free of charge at www.paralympic.org...
942 _n0
999 _c120345
_d120345